000 00614nam a2200205Ia 4500
005 20250508170022.0
008 008 250505s9999 xx 000 0 eng d
020 _a978-93-86262-78-3
037 _aTextual
040 _aFEDL
_beng
_cFEDL
041 _aeng
_2eng
084 _a378.54, ABD
_qFEDL
100 _aAbdul Salim A Ed.
_9782729
245 0 _aHigher education in emerging India: Problems, policies and perspectives
260 _aDelhi, India
_bShipra Publications
_c2018
300 _axvii, 222p.
365 _aINR
_b17.75
942 _cTEXL
_h378.54, ABD
999 _c1398712
_d1398712